000 aam a22 a 4500
999 _c445081
_d445081
003 BLK
005 20220511143940.0
008 180705b bul||||| |||| 00| 0 bul d
020 _a9786192203306
040 _aBLK
041 _aBUL
_cBUL
080 _aБългарска литература
_b821.163.2
_x-31
_z821.163.2-31
100 _aЛевчев, Владимир Любомиров
_eпърви автор
_91299
139 _aЛевчев, Владимир Любомиров
_bЛ 35
245 _aАстероид
_bТриптих за края на света
_cВладимир Левчев.
257 _aBGR
260 _9389463
_aСофия
_bЛексикон
_c2021
_fБулгед
_n978-619-220-
_dLexicon
300 _a249 с.
_c21 см
380 _aX
942 _cKNG
_2udc
_n0
_s1
_06
944 _kТД
999 _d445081